000 00458cam a22001337a 4500
008 180718b1975 xxu||||| |||| 00| 0 eng d
082 _aA81x54 In2/71/5/Pt 2 B/1
100 _aCensus of India 1971
245 _aGujarat: general economic tables (B-I Part A and B-II)
260 _aDelhi
_bThe Controller of Publications
_c1975
300 _a107+p.
440 _aCensus of India 1971. Series-5, Gujarat. Part II-B (i)
500 _aContents: B-I Part A and B-II
999 _c485143
_d485143